Governantes do Brasil - Statistics

Estatísticas Gerais
  • Esse quiz foi jogado 267 vezes
    228 desde o último reset
  • A pontuação média é 28 de 46
Estatísticas das Respostas
Período Governante % Correto
2003 - 2010 Luiz Inácio Lula da Silva
89%
2023 - Luiz Inácio Lula da Silva
89%
2011 - 2016 Dilma Rousseff
87%
2019 - 2022 Jair Bolsonaro
87%
1930 - 1937 Getúlio Vargas
86%
1937 - 1945 Getúlio Vargas
86%
1951 - 1954 Getúlio Vargas
86%
1889 - 1891 Deodoro da Fonseca
85%
2016 - 2018 Michel Temer
83%
1822 - 1831 Dom Pedro I
81%
1831 - 1889 Dom Pedro II
81%
1990 - 1992 Fernando Collor
80%
1961 - 1964 João Goulart
79%
1995 - 2002 Fernando Henrique Cardoso
77%
1891 - 1894 Floriano Peixoto
75%
1979 - 1985 João Figueiredo
75%
1961 Jânio Quadros
71%
1985 - 1990 José Sarney
69%
1956 - 1961 Juscelino Kubitschek
69%
1992 - 1994 Itamar Franco
67%
1967 - 1969 Artur da Costa e Silva
65%
1964 - 1967 Humberto Castelo Branco
64%
1969 - 1974 Emílio Garrastazu Médici
62%
1946 - 1951 Eurico Gaspar Dutra
60%
1926 - 1930 Washington Luís
58%
1954 - 1955 Café Filho
56%
1974 - 1979 Ernesto Geisel
56%
- Tancredo Neves
53%
1909 - 1910 Nilo Peçanha
50%
1894 - 1898 Prudente de Morais
50%
1910 - 1914 Hermes da Fonseca
49%
- Pedro Aleixo
49%
1945 - 1946 José Linhares
44%
1906 - 1909 Afonso Pena
41%
1961 Ranieri Mazzilli
41%
1964 Ranieri Mazzilli
41%
1898 - 1902 Campos Sales
40%
1919 - 1922 Epitácio Pessoa
40%
1922 - 1926 Artur Bernardes
39%
1955 Carlos Luz
39%
1955 - 1956 Nereu Ramos
35%
1902 - 1906 Rodrigues Alves
35%
- Rodrigues Alves
35%
1914 - 1918 Venceslau Brás
35%
- Júlio Prestes
33%
1918 - 1919 Delfim Moreira
30%
Nenhum quiz correspondente encontrado
Distribuição das Pontuações
Porcentagem de Pessoas com Cada Pontuação
Percentil de Números Respondidos
Sua Pontuação Histórica
Você não jogou esse quiz desde o último reset